00929nam a22002537a 450000500170000001000130001702000220003003500130005203700160006504000120008108200170009310000290011024501050013926000420024427000370028630000240032350000330034765000290038065000390040970000360044894200260048499900190051095201460052920170124110205.0 aA-735683 c00.00a8172243456 aA-735683 bCen Lib/Ret aDPLbEN a001.642bMAZ aMazursky, Alan D.937006 aDbase IV :cby Alan D. Mazursky [and] Eileen Bechtold Dlugossba practical learning guide complete / aBombaybJaico publishing house c1994 bBombaya121, M. G. Road e400023 axii,427p.c26cm(Hb) aincludes glossary and index  aComputer science 972145 aDatabase management system 972146 aDlugoss, Eileen Bechtold937009 2ddccENh001.642mMAZ c133158d133158 04104070aLbLd2015-07-24eCen Lib/Retg0.00l0o001.642 MAZpA-735683r2015-07-24 00:00:00t1v0.00w2015-07-24yENzW/d list no. 6831/11